00330nam a2200133Ia 4500008004100000100001400041245006600055250001200121260000900133300000800142650002400150942000700174999001500181190216s9999||||xx |||||||||||||| ||und|| aNorula.Jl 0aTechnique Of Organic Laboratory Processes - Organic Chemistry a1st Ed. bNull a405 aChemistry-Chemistry cBK c2127d2127